مبادئ التخطيط / (رقم التسجيلة. 119641)

تفاصيل مارك
000 -LEADER
fixed length control field 00847nam a22002657a 4500
005 - DATE AND TIME OF LATEST TRANSACTION
control field 20251108174839.0
008 - FIXED-LENGTH DATA ELEMENTS--GENERAL INFORMATION
fixed length control field 250721s2010 xx 000 0 ara d
082 14 - DEWEY DECIMAL CLASSIFICATION NUMBER
Classification number 307.1/مبا
100 1# - MAIN ENTRY--PERSONAL NAME
Personal name النسور، جمال
245 10 - TITLE STATEMENT
Title مبادئ التخطيط /
264 1# - PRODUCTION, PUBLICATION, DISTRIBUTION, MANUFACTURE, AND COPYRIGHT NOTICE
Place of production, publication, distribution, manufacture السلط :
Name of producer, publisher, distributor, manufacturer دار التطبيقية للنشر والتوزيع،
Date of production, publication, distribution, manufacture, or copyright notice 2010.
300 ## - PHYSICAL DESCRIPTION
Extent 168ص.
650 17 - SUBJECT ADDED ENTRY--TOPICAL TERM
Topical term or geographic name as entry element التخطيط الاقليمي
650 17 - SUBJECT ADDED ENTRY--TOPICAL TERM
Topical term or geographic name as entry element التخطيط الحضري
700 1# - ADDED ENTRY--PERSONAL NAME
Personal name سمحة، موسى
700 1# - ADDED ENTRY--PERSONAL NAME
Personal name الرحماني، صباح
700 1# - ADDED ENTRY--PERSONAL NAME
Personal name الحبيس، محمود
700 1# - ADDED ENTRY--PERSONAL NAME
Personal name السويلميين، محمد
700 1# - ADDED ENTRY--PERSONAL NAME
Personal name ابو رمان، ممدوح
700 1# - ADDED ENTRY--PERSONAL NAME
Personal name شنيكات، مراد
700 1# - ADDED ENTRY--PERSONAL NAME
Personal name قطيشات، رانيا
700 1# - ADDED ENTRY--PERSONAL NAME
Personal name خريسات، مروان
942 ## - ADDED ENTRY ELEMENTS (KOHA)
Source of classification or shelving scheme Dewey Decimal Classification
Koha item type كتب
المقتنيات
حالة السحب حالة الفقدان مصدر التصنيف حالة التلف غير قابل للإعارة المكتبة الرئيسية المكتبة الحالية موقع الرف تاريخ التزويد الرقم المتسلسل Total Checkouts رقم الإستدعاء تاريخ آخر ظهور تاريخ الفاتورة نوع المادة (كوها) الباركود
    Dewey Decimal Classification     المكتبة المركزية المكتبة المركزية مقتنيات قسم التزويد 28/07/2025 1371537   307.1/مبا 28/07/2025 28/07/2025 كتب  
    Dewey Decimal Classification     المكتبة المركزية المكتبة المركزية مقتنيات قسم التزويد 28/07/2025 1371538   307.1/مبا 28/07/2025 28/07/2025 كتب  
    Dewey Decimal Classification     المكتبة المركزية المكتبة المركزية مقتنيات قسم التزويد 28/07/2025 1371539   307.1/مبا 28/07/2025 28/07/2025 كتب  
    Dewey Decimal Classification     المكتبة المركزية المكتبة المركزية مقتنيات قسم التزويد 28/07/2025 1371540   307.1/مبا 28/07/2025 28/07/2025 كتب  
    Dewey Decimal Classification     المكتبة المركزية المكتبة المركزية مقتنيات قسم التزويد 28/07/2025 1371541   307.1/مبا 28/07/2025 28/07/2025 كتب  
    Dewey Decimal Classification     المكتبة المركزية المكتبة المركزية مقتنيات قسم التزويد 28/07/2025 1371542   307.1/مبا 28/07/2025 28/07/2025 كتب  
    Dewey Decimal Classification     المكتبة المركزية المكتبة المركزية مقتنيات قسم التزويد 28/07/2025 1371543   307.1/مبا 28/07/2025 28/07/2025 كتب  
    Dewey Decimal Classification     المكتبة المركزية المكتبة المركزية مقتنيات قسم التزويد 28/07/2025 1371544   307.1/مبا 28/07/2025 28/07/2025 كتب  
    Dewey Decimal Classification     المكتبة المركزية المكتبة المركزية مقتنيات قسم التزويد 28/07/2025 1371545   307.1/مبا 28/07/2025 28/07/2025 كتب  
    Dewey Decimal Classification     المكتبة المركزية المكتبة المركزية مقتنيات قسم التزويد 28/07/2025 1494099   307.1/مبا 28/07/2025 28/07/2025 كتب  
    Dewey Decimal Classification     مكتبة أبو علندا العامة مكتبة أبو علندا العامة الإعارة 21/03/2010 1371550   307.1/مبا 28/07/2025 21/03/2010 كتب PLD00137358
    Dewey Decimal Classification     مكتبة أم قصير والمقابلين العامة مكتبة أم قصير والمقابلين العامة الإعارة 21/03/2010 1371556   307.1/مبا 28/07/2025 21/03/2010 كتب PLD00137365
    Dewey Decimal Classification     مكتبة الأميرة ايمان العامة مكتبة الأميرة ايمان العامة الإعارة 21/03/2010 1371551   307.1/مبا 28/07/2025 21/03/2010 كتب PLD00137359
    Dewey Decimal Classification     مكتبة الاميرة بديعة مكتبة الاميرة بديعة الإعارة 21/03/2010 1371552   307.1/مبا 28/07/2025 21/03/2010 كتب PLD00137361
    Dewey Decimal Classification     مكتبة البراعم الواعدة مكتبة البراعم الواعدة الإعارة 21/03/2010 1371549   307.1/مبا 28/07/2025 21/03/2010 كتب PLD00137357
    Dewey Decimal Classification     مكتبة الجويدة مكتبة الجويدة الإعارة 21/03/2010 1371553   307.1/مبا 28/07/2025 21/03/2010 كتب PLD00137362
    Dewey Decimal Classification     مكتبة النصر العامة مكتبة النصر العامة الإعارة 21/03/2010 1371564   307.1/مبا 28/07/2025 21/03/2010 كتب PLD00137373
    Dewey Decimal Classification     مكتبة وادي السير العامة مكتبة وادي السير العامة الإعارة 21/03/2010 1371560   307.1/مبا 28/07/2025 21/03/2010 كتب PLD00137369
    Dewey Decimal Classification     مكتبة ومركز فرح مكتبة ومركز فرح الإعارة 21/03/2010 1371563   307.1/مبا 28/07/2025 21/03/2010 كتب PLD00137372
Implemented & Customized by: BBB with SCIT (Smart Chains for Information Technology)

Powered by Koha